What continent is this country in Quiz Stats

 Plays Quiz not verified by Sporcle

Challenge
Share
Tweet
Embed
Score 0/20 Timer 02:00
0 Plays Today
Question Answer Wrong Answers
iran asia
100%
Antarctica
0%
South America
0%
North America
0%
Finland europe
98.4%
South America
0%
Antarctica
0%
africa
0%
Denmark europe
98.4%
asia
0%
North America
0%
South America
0%
ireland europe
96.7%
asia
0%
africa
0%
Antarctica
0%
spain Europe
96.7%
South America
0%
north america
1.6%
asia
0%
Sweden europe
96.7%
asia
0%
africa
0%
South America
0%
netherlands europe
96.7%
asia
0%
South America
0%
North America
0%
Czech Republic europe
95.1%
North America
0%
asia
1.6%
South America
0%
peru South America
95.1%
north america
0%
asia
0%
europe
1.6%
New Zealand Australia & oceania
95.1%
asia
0%
north america
0%
europe
3.3%
ecuador South America
95.1%
North America
3.3%
europe
0%
asia
0%
Luxembourg europe
95.1%
South America
0%
North America
0%
asia
1.6%
chile South America
93.4%
North America
0%
asia
1.6%
Europe
1.6%
cambodia asia
93.4%
europe
1.6%
south America
1.6%
Antarctica
0%
burkina faso africa
93.4%
North America
3.3%
Antarctica
0%
europe
0%
Botswana africa
93.4%
asia
1.6%
North America
0%
europe
1.6%
Egypt africa
93.4%
asia
3.3%
europe
0%
North America
0%
mongolia asia
93.4%
North America
0%
South America
1.6%
europe
3.3%
Mexico North America
90.2%
South America
8.2%
asia
0%
europe
0%
algeria africa
88.5%
europe
6.6%
Antarctica
1.6%
asia
0%

You're not logged in!

Compare scores with friends on all Sporcle quizzes.
OR
Log In

You Might Also Like...

Show Comments

Extras

Created Oct 16, 2017ReportNominate
Tags:Continent Quiz, Country Quiz

Top Quizzes Today


Score Distribution

Your Account Isn't Verified!

In order to create a playlist on Sporcle, you need to verify the email address you used during registration. Go to your Sporcle Settings to finish the process.

Report this User

Report this user for behavior that violates our Community Guidelines.

Details: